Random Geography! #2 - Statistics

General Stats
  • This quiz has been taken 39 times
  • The average score is 5 of 15
Answer Stats
Hint Answer % Correct
Largest city in Argentina Buenos Aires
95%
Largest city in Utah Salt Lake City
84%
Northernmost Scandinavian country Iceland
79%
Official language of Senegal French
66%
Archipelago in SW Alaska Aleutian Islands
47%
Capital of St. Lucia Castries
45%
Largest Brazilian city in the Amazon Rainforest Manaus
34%
The Netherlands, Belgium, and Luxembourg The Low Countries
32%
Ethnic majority in Sri Lanka Sinhalese
8%
Uzbekistan's main crop Cotton
5%
Disputed territory between Armenia and Azerbaijan Nagorno Karabakh
5%
Chain of mountains in Kazakhstan, Mongolia and China Altai Mountains
3%
World's highest active volcano Cotopaxi
3%
Mountains on Iran's western border Zagros Mountains
3%
The low-lying land on the Caspian Sea Caspian Depression
0%
No matching quizzes found
Score Distribution
Percent of People with Each Score
Percentile by Number Answered
Your Score History
You have not taken this quiz